000 00536nam a2200229Ia 4500
003 OSt
005 20220912152116.0
006 a|||||r|||| 00| 0
007 ta
008 220909b |||||||| |||| 00| 0 eng d
024 _a59359
037 _cTextual
040 _aCSL
_beng
_cCSL
041 _aeng
082 _aAl3:K60, L0;3
245 0 _aSelected lectures of the royal society
260 _c1970
300 _ap.
_ccm.
650 _aScience
942 _hAl3:K60, L0;3
_cTEXL
_2CC
999 _c80949
_d80949